000 00831nam a2200229Ii 4500
003 JO-AjNU
008 230605s9999||||xx |||||||||||||| ||und||
017 _a2002/19222
020 _a977-01-8294-X
040 _aJO-AjNU
_bara
_erda
_cJO-AjNU
041 _aara
050 1 4 _aHQ783.D52 2002
100 3 _aالديب، أميره,
_eauthor
_935106
245 0 0 _aاسس بناء القيم الخلقية في مرحلة الطفولة
264 3 1 _aالقاهرة : هيئة الكتاب المصرية، 2002
300 _a312ص
_bيحتوي ببلوغرافية من ص 301-312ص
336 _atext
_btxt
_2rdacontent
337 _aunmediated
_bn
_2rdamedia
338 _avolume
_bnc
_2rdacarrier
490 0 _aسلسلة الاعمال الخاصة
650 4 _aالتنشئة الاجتماعية - الطفولة
_935107
999 _aA14460
_c18028
_d18028